Paroles "A la folie" - Juliette Armanet - Statistiques

Statistiques générales
  • Ce quiz a été pris 20 fois
  • Le résultat moyen est 140 sur 214
Statistiques - réponses
Indice Paroles % Correct
. A
100%
. à
100%
..' fo'
100%
..... folie
100%
.. la
100%
.. je
88%
.. Je
88%
... ton
82%
... mon
76%
..... corps
71%
.. de
71%
.. Le
71%
.. le
71%
.. ta
71%
...... contre
65%
... les
59%
..... Danse
53%
..... | ...... danse
53%
.'.. d'or
53%
.. ma
53%
.'.. m'en
53%
.. un
53%
..... comme
47%
....... défaite
47%
..... | ...... Drôle
47%
...... encore
47%
.... Fête
47%
.... fête
47%
.... fort
47%
....... musique
47%
........ précieux
47%
.... sais
47%
..... serre
47%
..... temps
47%
... toi
47%
.... tout
47%
... une
47%
....... cadence
41%
.'... C'est
41%
..... Coeur
41%
.......... Impossible
41%
....... minutes
41%
.... plus
41%
.... pour
41%
........ Quelques
41%
..'.. qu'il
41%
... sur
41%
... vis
41%
....... accords
35%
...... chance
35%
... fil
35%
... île
35%
........ immobile
35%
........ interdit
35%
.... nuit
35%
.... slow
35%
....-.-.... tête-à-tête
35%
........ toujours
35%
... vie
35%
...... compte
29%
..... décor
29%
..... reste
29%
..... tente
29%
... Bal
24%
....... fragile
24%
....... inutile
24%
... Oui
18%
...... Dedans
0%
Aucun quiz correspondant
Distribution des résultats
% des personnes avec chaque résultat
Percentile par nombre de réponses
Votre historique - résultats
Vous n’avez pas pris ce quiz